Kluby La Ligi w sezonie 2020/2021 - Statystyki

Ogólne statystyki
  • Ten quiz został rozwiązany 48 razy
    33 od ostatniego zresetowania
  • Średni wynik to 13 z 20
Statystyki odpowiedzi
Hint Odpowiedź % Poprawnych
10 Barcelona
100%
8 Real Madryt
97%
11 Atletico Madryt
94%
13 Valencia
85%
15 Real Betis
79%
12 Sevilla
79%
14 Athletic Bilbao
76%
9 Villarreal
73%
16 Getafe
64%
1 Real Sociedad
64%
6 Cadiz
61%
4 Celta Vigo
58%
3 Eibar
52%
18 Osasuna
52%
2 Elche
48%
20 Granada
45%
19 Levante
45%
17 Real Valladolid
39%
5 Alaves
36%
7 Huesca
33%
Nie znaleziono quizów pasujących do podanych kryteriów
Rozkład punktacji
Procent ludzi z każdym wynikiem
Percentyl według liczby udzielonych odpowiedzi
Twoja historia wyników
Nie rozwiązałeś tego quizu od ostatniego zresetowania